000
00240nam a2200109Ia 4500
008
170627s9999 xx 000 0 und d
100
_a
BERI- G.C
245
0
_a
BUSINESS STATISTICS
260
_b
TMH
260
_c
2005
546
_a
ENGLISH
690
_a
BUSINESS STATIECS
999
_c
35273
_d
35273